Central Library OPAC University of Rajshahi

Architecture of Bengal / (Record no. 62542)

MARC details
000 -LEADER
fixed length control field 00624nam a2200217 a 4500
001 - CONTROL NUMBER
control field 62542
003 - CONTROL NUMBER IDENTIFIER
rucl marc code BD-RjUL
005 - DATE AND TIME OF LATEST TRANSACTION
control field 20211209081109.0
008 - FIXED-LENGTH DATA ELEMENTS--GENERAL INFORMATION
fixed length control field 170124s1976 ii af b 001 0 eng
035 ## - SYSTEM CONTROL NUMBER
System control number (BD-RjUL) 62668
040 ## - CATALOGING SOURCE
Original cataloging agency BD-RjUL
Transcribing agency BD-RjUL
Language of cataloging eng
041 ## - LANGUAGE CODE
Language code of text/sound track or separate title eng
082 00 - DEWEY DECIMAL CLASSIFICATION NUMBER
Classification number 720.95414
Edition number 23
Author mark and year SAA 1976
100 1# - MAIN ENTRY--PERSONAL NAME
Personal name Saraswati, S. K.
Fuller form of name (Sarasi Kumar),
9 (RLIN) 185938
245 10 - TITLE STATEMENT
Title Architecture of Bengal /
Statement of responsibility, etc. S. K. Saraswati.
260 ## - PUBLICATION, DISTRIBUTION, ETC. (IMPRINT)
Place of publication, distribution, etc. Calcutta :
Name of publisher, distributor, etc. G. Bharadwaj,
Date of publication, distribution, etc. C1976
300 ## - PHYSICAL DESCRIPTION
Pagination xv, 174p. :
Illustrations ill. ;
Size 25 cm.
500 ## - GENERAL NOTE
General note Includes index.
650 #0 - SUBJECT ADDED ENTRY--TOPICAL TERM
Topical term or geographic name as entry element Architecture
Geographic subdivision India
-- Bengal.
9 (RLIN) 185939
942 ## - ADDED ENTRY ELEMENTS (KOHA)
Source of classification or shelving scheme Dewey Decimal Classification
Koha item type Books
Holdings
Lost status Source of classification or shelving scheme Damaged status Not for loan Collection code Permanent Location Current Location Shelving location Date acquired Source of acquisition Cost, normal purchase price Total Checkouts Full call number Date last seen Copy number Koha item type
  Dewey Decimal Classification   Not For Loan Non-fiction Central Library, University of Rajshahi Central Library, University of Rajshahi Reading Room 26/05/1980 Indian International, Calcuta 110.00   720.95414 SAA 1976 24/01/2017 C-1 Books
  Dewey Decimal Classification     Non-fiction Central Library, University of Rajshahi Central Library, University of Rajshahi   01/05/1980 India International , Calcutta 110.00   720.95414 SAA 1976 21/01/2020 C-2 Books